Statistics for Countries Bordering DRC

Click here to take the quiz!

General Stats

  • This quiz has been taken 14 times
  • The average score is 8 of 9

Answer Stats

Answer% Correct
Angola
92%
Republic of the Congo
92%
South Sudan
92%
Uganda
92%
Central African Republic
83%
Zambia
83%
Rwanda
75%
Tanzania
75%
Burundi
67%

Score Distribution

Percentile by Number Answered

Percent of People with Each Score

Your Score History

You have not taken this quiz